000 00269nam a22001097a 4500
008 161228b xxu||||| |||| 00| 0 eng d
020 _a9780136072003
041 _aeng
080 _a80.9
245 _aEnglish for Careers
_cSmith, R.Leila; Moore, Roberta
942 _2udc
_cBK
999 _c2513
_d2513